000 01352nam a22002417a 4500
005 20260430103457.0
008 260430t2026 |||||||| |||| 00| 0 spa d
020 _a9789585006478
040 _aCO-BoUCM
_bspa
_cStefania Borbon
_dStefania Borbon
041 _aspa
100 1 _aOrozco Garcés, Samuel
_9188933
245 _aImaginarios de paz en la comuna 6 de Cúcuta /
_cSamuel Orozco Garcés
260 _aBogotá, D. C. :
_bEditorial Universidad del Rosario,
_c2026
300 _a232 páginas
490 _aÓpera Prima
520 3 _aEl libro explora las percepciones de paz en contextos de violencia urbana y precariedad en Cúcuta, Colombia. A través de una metodología cualitativa y un enfoque etnográfico, el autor identifica diez imaginarios de paz que surgen del acercamiento directo con la comunidad de la comuna 6, analizando la transformación social y la construcción de paz desde el territorio.
650 4 _aConstrucción de paz
_zCúcuta (Norte de Santander, Colombia)
_9188934
650 4 _aSociología urbana
_zCúcuta (Norte de Santander, Colombia)
_9188935
650 4 _aParticipación comunitaria
_zCúcuta (Norte de Santander, Colombia)
_9188936
650 4 _aConflictos sociales
_zCúcuta (Norte de Santander, Colombia)
_9188937
942 _2DEWEY
_a5
_cLIBRO
_e1
_h303.66
_mO74
999 _c326327
_d326327